Book Reviews /

Book Reviews

محفوظ في:

المؤلف الرئيسي: Bianchi, Robert Steven.

مؤلفون آخرون: Baer, Arabela., Roberson, Joshua Aaron.

التنسيق: كتاب

اللغة: Undetermined

الوصول للمادة أونلاين: Login to view Source

الوسوم: إضافة وسم

لا توجد وسوم, كن أول من يضع وسما على هذه التسجيلة!

رقم الطلب:

LEADER 00490nam a2200133Ia 4500
008 220712s9999||||xx |||||||||||||| ||und||
100 1 |a Bianchi, Robert Steven. 
245 1 0 |a Book Reviews /  |c Robert Steven Bianchi. 
520 3 |a Book Reviews 
700 1 |a Baer, Arabela. 
700 1 |a Roberson, Joshua Aaron. 
856 4 |u https://lockwoodonlinejournals.com/index.php/jarce/workflow/access/413 
952 |0 0  |1 0  |4 0  |7 1  |9 42410  |a JARCE  |b JARCE  |d 2022-08-09  |l 0  |r 2022-08-09 00:00:00  |w 2022-08-09  |y PT 
999 |c 49173  |d 49173